Bases para el programa de gobierno 1978-1982

Сохранить в:
Библиографические подробности
Соавтор: Costa Rica. Partido Unidad Social Cristiana
Формат: Текст
Опубликовано: San José: Imp. Lil
Метки: Добавить метку
Нет меток, Требуется 1-ая метка записи!

MARC

LEADER 00000 a a2200000 04500
001 24233
003
040
090 |a 171800  
110 |a Costa Rica. Partido Unidad Social Cristiana  
245 |a Bases para el programa de gobierno 1978-1982  
260 |a San José:   |b Imp. Lil  
300 |a 79 p.  
999 |c 2678  |d 2678